[Event "Ceske Budejovice op-B"]
[Site "Ceske Budejovice"]
[Date "2023.07.06"]
[Round "6"]
[White "Lizner, Milan"]
[Black "Kral, Ladislav"]
[Result "1-0"]
[WhiteElo "1792"]
[BlackElo "1376"]
[PlyCount "67"]
[EventDate "2023.07.01"]
[EventType "swiss"]
[EventRounds "9"]
[EventCountry "CZE"]
[SourceTitle "EXT 2024"]
[Source "ChessBase"]
[SourceDate "2023.10.10"]
[SourceVersion "1"]
[SourceVersionDate "2023.10.10"]
[SourceQuality "1"]

1. e4 e6 2. d4 d5 3. exd5 exd5 4. Bd3 Bd6 5. h3 Nf6 6. Nf3 0-0 7. 0-0 h6 8. Ne5 Be6 9. Be3 c5 10. c3 c4 11. Bc2 Qc7 12. f4 Nc6 13. Nd2 Ne7 14. g4 Nh7 15. Qf3 f6 16. Ng6 Nxg6 17. Bxg6 Bf7 18. Bc2 Rae8 19. Rae1 Re7 20. Re2 Rfe8 21. Rfe1 Qd8 22. Nf1 Bc7 23. Ng3 g6 24. h4 Kh8 25. Kh1 Rg8 26. h5 Qb8 27. hxg6 Bxg6 28. Nf5 Bxf5 29. Bxf5 Qd8 30. Rh2 Rgg7 31. Rxh6 Kg8 32. Re2 Qe8 33. Qxd5+ Kh8 34. Qf3 1-0

[Event "Ceske Budejovice op-B"]
[Site "Ceske Budejovice"]
[Date "2023.07.05"]
[Round "5"]
[White "Predota, Vit"]
[Black "Lizner, Milan"]
[Result "0-1"]
[WhiteElo "1291"]
[BlackElo "1792"]
[PlyCount "72"]
[EventDate "2023.07.01"]
[EventType "swiss"]
[EventRounds "9"]
[EventCountry "CZE"]
[SourceTitle "EXT 2024"]
[Source "ChessBase"]
[SourceDate "2023.10.10"]
[SourceVersion "1"]
[SourceVersionDate "2023.10.10"]
[SourceQuality "1"]

1. e4 c5 2. Nc3 Nc6 3. Nf3 g6 4. d4 cxd4 5. Nxd4 Bg7 6. Be3 d6 7. Bb5 Bd7 8. Nde2 a6 9. Bxc6 Bxc6 10. Nd4 Nf6 11. Qd3 Qc7 12. 0-0-0 b5 13. Nxc6 Qxc6 14. f4 0-0 15. Nd5 Nxd5 16. exd5 Qb7 17. g4 Qd7 18. h3 Rac8 19. g5 Rc4 20. h4 Rfc8 21. Rh2 h5 22. b3 Rc3 23. Qe4 R8c7 24. Bd2 Rxc2+ 25. Qxc2 Rxc2+ 26. Kxc2 Qf5+ 27. Kc1 Qxd5 28. Be1 Qe4 29. Rf2 Bd4 30. Rfd2 Qxf4 31. Bg3 Qxg3 32. Rxd4 Kf8 33. Kb2 e5 34. Rxd6 Qxh4 35. Rd8+ Kg7 36. Rf1 Qxg5 0-1

[Event "Ceske Budejovice op-B"]
[Site "Ceske Budejovice"]
[Date "2023.07.01"]
[Round "1"]
[White "Barta, David"]
[Black "Lizner, Milan"]
[Result "1-0"]
[WhiteElo "1463"]
[BlackElo "1792"]
[PlyCount "31"]
[EventDate "2023.07.01"]
[EventType "swiss"]
[EventRounds "9"]
[EventCountry "CZE"]
[SourceTitle "EXT 2024"]
[Source "ChessBase"]
[SourceDate "2023.10.10"]
[SourceVersion "1"]
[SourceVersionDate "2023.10.10"]
[SourceQuality "1"]

1. d4 f5 2. c4 Nf6 3. Nc3 g6 4. Nf3 Bg7 5. Bf4 d6 6. Qc2 Na6 7. a3 c6 8. e4 Qa5 9. e5 Nh5 10. Bd2 Qc7 11. exd6 Qxd6 12. d5 e5 13. 0-0-0 0-0 14. dxc6 Qxc6 15. Nd5 Be6 16. Ne7+ 1-0

[Event "Rakovnik Regional-chT 1415"]
[Site "Rakovnik"]
[Date "2015.03.22"]
[Round "10.7"]
[White "Horak, Vladimir"]
[Black "Lizner, Milan"]
[Result "1/2-1/2"]
[WhiteElo "1972"]
[BlackElo "1874"]
[PlyCount "44"]
[EventDate "2014.10.19"]
[EventType "team-tourn"]
[EventRounds "11"]
[EventCountry "CZE"]
[SourceTitle "EXT 2016"]
[Source "ChessBase"]
[SourceDate "2015.10.08"]
[SourceVersion "1"]
[SourceVersionDate "2015.10.08"]
[SourceQuality "1"]
[WhiteTeam "Vlasim II"]
[BlackTeam "Ricany III"]
[WhiteTeamCountry "CZE"]
[BlackTeamCountry "CZE"]

1. Nf3 f5 2. d3 Nf6 3. e4 e6 4. e5 Nd5 5. c4 Bb4+ 6. Nbd2 Nb6 7. Be2 0-0 8. 0-0 d5 9. Nb3 dxc4 10. dxc4 Be7 11. Qxd8 Rxd8 12. Be3 Nc6 13. Rfd1 Nd7 14. Bf4 Nf8 15. Rxd8 Bxd8 16. h4 b6 17. Rd1 Bb7 18. g3 Be7 19. Nbd4 Nxd4 20. Nxd4 a6 21. Be3 Rd8 22. f4 Kf7 1/2-1/2

[Event "Rakovnik Regional-chT 1415"]
[Site "Rakovnik"]
[Date "2015.02.01"]
[Round "7.6"]
[White "Lizner, Milan"]
[Black "Masak, Radim"]
[Result "0-1"]
[WhiteElo "1874"]
[BlackElo "1968"]
[PlyCount "56"]
[EventDate "2014.10.19"]
[EventType "team-tourn"]
[EventRounds "11"]
[EventCountry "CZE"]
[SourceTitle "EXT 2016"]
[Source "ChessBase"]
[SourceDate "2015.10.08"]
[SourceVersion "1"]
[SourceVersionDate "2015.10.08"]
[SourceQuality "1"]
[WhiteTeam "Ricany III"]
[BlackTeam "Nymburk Sokol"]
[WhiteTeamCountry "CZE"]
[BlackTeamCountry "CZE"]

1. e4 e5 2. Nf3 Nc6 3. c3 Nf6 4. d4 exd4 5. e5 Nd5 6. Qb3 Nb6 7. cxd4 d5 8. Be3 Be7 9. Nbd2 Bf5 10. Rc1 a6 11. Be2 0-0 12. 0-0 h6 13. a3 Qd7 14. Qa2 Nd8 15. Ne1 Rc8 16. Nd3 Ne6 17. h3 h5 18. Rfd1 Bxd3 19. Bxd3 Rfd8 20. f4 c5 21. Nf3 cxd4 22. Rxc8 Rxc8 23. Nxd4 Bc5 24. Bf5 g6 25. Bxe6 fxe6 26. Nc2 Qa4 27. Qb1 Qxf4 28. Nd4 Qxe3+ 0-1

[Event "Rakovnik Regional-chT 1415"]
[Site "Rakovnik"]
[Date "2015.01.04"]
[Round "5.6"]
[White "Lizner, Milan"]
[Black "Sindelar, Pavel"]
[Result "0-1"]
[WhiteElo "1874"]
[BlackElo "1961"]
[PlyCount "72"]
[EventDate "2014.10.19"]
[EventType "team-tourn"]
[EventRounds "11"]
[EventCountry "CZE"]
[SourceTitle "EXT 2016"]
[Source "ChessBase"]
[SourceDate "2015.10.08"]
[SourceVersion "1"]
[SourceVersionDate "2015.10.08"]
[SourceQuality "1"]
[WhiteTeam "Ricany III"]
[BlackTeam "Kostelec nad CL"]
[WhiteTeamCountry "CZE"]
[BlackTeamCountry "CZE"]

1. e4 c6 2. d4 d5 3. e5 Bf5 4. Nc3 e6 5. g4 Bg6 6. Nge2 f6 7. f4 fxe5 8. fxe5 Be7 9. Ng3 Bh4 10. Rg1 Nd7 11. Bd3 Ne7 12. Nce2 Bxd3 13. Qxd3 Ng6 14. Bd2 Qe7 15. 0-0-0 0-0 16. Rdf1 c5 17. c3 Rac8 18. Kb1 c4 19. Qc2 Rxf1+ 20. Nxf1 Rf8 21. Nfg3 Rf7 22. Qd1 Ndf8 23. h3 Rf3 24. Be1 Bg5 25. Rf1 Qf7 26. Rg1 Nh4 27. Nc1 Qf4 28. Qc2 Qe3 29. Nce2 Nfg6 30. Nf1 Qd3 31. Nfg3 Be3 32. Rf1 Rxf1 33. Nxf1 Ng2 34. Bg3 N6f4 35. Nxe3 Nxe3 36. Nxf4 Qxc2+ 0-1

[Event "Rakovnik Regional-chT 1415"]
[Site "Rakovnik"]
[Date "2014.12.07"]
[Round "4.6"]
[White "Hanibal, Kamil"]
[Black "Lizner, Milan"]
[Result "0-1"]
[WhiteElo "1879"]
[BlackElo "1874"]
[PlyCount "66"]
[EventDate "2014.10.19"]
[EventType "team-tourn"]
[EventRounds "11"]
[EventCountry "CZE"]
[SourceTitle "EXT 2016"]
[Source "ChessBase"]
[SourceDate "2015.10.08"]
[SourceVersion "1"]
[SourceVersionDate "2015.10.08"]
[SourceQuality "1"]
[WhiteTeam "Dobrovice"]
[BlackTeam "Ricany III"]
[WhiteTeamCountry "CZE"]
[BlackTeamCountry "CZE"]

1. e4 c5 2. Nc3 Nc6 3. Nge2 g6 4. d4 cxd4 5. Nxd4 Bg7 6. Be3 a6 7. Be2 d6 8. 0-0 Nf6 9. f4 Bd7 10. Bf3 0-0 11. Kh1 Rc8 12. Nd5 Nxd5 13. exd5 Nxd4 14. Bxd4 Bxd4 15. Qxd4 Rxc2 16. Be4 Rc8 17. f5 Bb5 18. Rf3 Qc7 19. Qe3 Kg7 20. Rh3 h5 21. Qg5 Rh8 22. Rc3 Qb6 23. Qxe7 Rxc3 24. bxc3 Re8 25. Qh4 Qe3 26. Re1 Qxc3 27. h3 Qd4 28. fxg6 fxg6 29. Qf4 Bd3 30. Qxd6 Rxe4 31. Rc1 Qf2 32. Qd8 Re1+ 33. Rxe1 Qxe1+ 0-1

[Event "Ricany op-A"]
[Site "Ricany"]
[Date "2014.08.27"]
[Round "6"]
[White "Vystrcil, Martin"]
[Black "Lizner, Milan"]
[Result "1-0"]
[WhiteElo "1803"]
[BlackElo "1989"]
[PlyCount "41"]
[EventDate "2014.08.23"]
[EventType "swiss"]
[EventRounds "9"]
[EventCountry "CZE"]
[SourceTitle "EXT 2015"]
[Source "ChessBase"]
[SourceDate "2014.11.20"]
[SourceVersion "1"]
[SourceVersionDate "2014.11.20"]
[SourceQuality "1"]

1. e4 c5 2. Nf3 Nc6 3. d4 cxd4 4. Nxd4 e5 5. Nb5 a6 6. Nd6+ Bxd6 7. Qxd6 Qf6 8. Qd1 Nge7 9. Nc3 Qg6 10. h4 h5 11. Bg5 d5 12. exd5 Nb4 13. Bxe7 Kxe7 14. Bd3 Nxd3+ 15. Qxd3 Bf5 16. d6+ Kf8 17. Qd5 Rd8 18. 0-0-0 Rd7 19. Qxe5 Bxc2 20. Qc5 Ke8 21. Qc8+ 1-0

[Event "Ricany op-A"]
[Site "Ricany"]
[Date "2014.08.25"]
[Round "4"]
[White "Pivonka, Michael"]
[Black "Lizner, Milan"]
[Result "1/2-1/2"]
[WhiteElo "1612"]
[BlackElo "1989"]
[PlyCount "53"]
[EventDate "2014.08.23"]
[EventType "swiss"]
[EventRounds "9"]
[EventCountry "CZE"]
[SourceTitle "EXT 2015"]
[Source "ChessBase"]
[SourceDate "2014.11.20"]
[SourceVersion "1"]
[SourceVersionDate "2014.11.20"]
[SourceQuality "1"]

1. d4 f5 2. Nf3 Nf6 3. c4 g6 4. Nc3 Bg7 5. Bf4 d6 6. Qd2 h6 7. h4 c6 8. g3 Na6 9. Bg2 Bd7 10. a3 Nc7 11. 0-0 Ne6 12. Be3 Ng4 13. Rfd1 Nxe3 14. Qxe3 0-0 15. d5 Nc7 16. Nd4 c5 17. Ne6 Nxe6 18. dxe6 Bc6 19. Bd5 Kh7 20. Rab1 Bd4 21. Qd3 Rb8 22. e3 a6 23. b4 cxb4 24. axb4 Bxc3 25. Qxc3 Bxd5 26. cxd5 Qc8 27. Qd3 1/2-1/2

[Event "Ricany op-A"]
[Site "Ricany"]
[Date "2014.08.23"]
[Round "1"]
[White "Zabehlicky, Jiri"]
[Black "Lizner, Milan"]
[Result "1/2-1/2"]
[WhiteElo "1585"]
[BlackElo "1989"]
[PlyCount "55"]
[EventDate "2014.08.23"]
[EventType "swiss"]
[EventRounds "9"]
[EventCountry "CZE"]
[SourceTitle "EXT 2015"]
[Source "ChessBase"]
[SourceDate "2014.11.20"]
[SourceVersion "1"]
[SourceVersionDate "2014.11.20"]
[SourceQuality "1"]

1. d4 f5 2. Nf3 d6 3. g3 g6 4. Bg2 Bg7 5. 0-0 Nf6 6. c4 0-0 7. Nc3 c6 8. Bf4 h6 9. h4 Na6 10. Qd2 Kh7 11. Rac1 Nc7 12. b3 Qe8 13. c5 Qd8 14. Rfd1 Ncd5 15. Nxd5 Nxd5 16. e3 Be6 17. Ne1 a5 18. Nd3 Bg8 19. cxd6 exd6 20. e4 fxe4 21. Bxe4 Nf6 22. Bg2 Qd7 23. Be3 Bd5 24. Nf4 Bxg2 25. Kxg2 d5 26. Qd3 Qf7 27. h5 Kg8 28. Qxg6 1/2-1/2

[Event "Tabor op"]
[Site "Tabor"]
[Date "2013.08.04"]
[Round "9"]
[White "Bjarnehag, Peter"]
[Black "Lizner, Milan"]
[Result "0-1"]
[WhiteElo "2185"]
[BlackElo "1983"]
[PlyCount "59"]
[EventDate "2013.07.28"]
[EventType "swiss"]
[EventRounds "9"]
[EventCountry "CZE"]
[SourceTitle "CBM 155 Extra"]
[Source "ChessBase"]
[SourceDate "2013.08.26"]
[SourceVersion "1"]
[SourceVersionDate "2013.08.26"]
[SourceQuality "1"]

1. d4 f5 2. Nc3 Nf6 3. Bg5 c6 4. Qd3 d5 5. f3 e6 6. e4 dxe4 7. fxe4 Be7 8. 0-0-0 0-0 9. Be2 Na6 10. Bxf6 Bxf6 11. Nf3 Nc7 12. Rhe1 Qe8 13. Qe3 Bd7 14. Qf4 Bd8 15. Kb1 fxe4 16. Qxe4 Nd5 17. Bd3 Qh5 18. Ne5 Be8 19. Ne2 Qh6 20. Rf1 Nf6 21. Qf4 Qxf4 22. Nxf4 Nd5 23. Nxe6 Rxf1 24. Rxf1 Be7 25. Be4 Rc8 26. Nf4 Rd8 27. c3 Kh8 28. Nxd5 cxd5 29. Bd3 Kg8 30. c4 0-1

[Event "Tabor op"]
[Site "Tabor"]
[Date "2013.07.29"]
[Round "2"]
[White "Lizner, Milan"]
[Black "Bartos, Jan"]
[Result "0-1"]
[WhiteElo "1983"]
[BlackElo "2209"]
[PlyCount "29"]
[EventDate "2013.07.28"]
[EventType "swiss"]
[EventRounds "9"]
[EventCountry "CZE"]
[SourceTitle "CBM 155 Extra"]
[Source "ChessBase"]
[SourceDate "2013.08.26"]
[SourceVersion "1"]
[SourceVersionDate "2013.08.26"]
[SourceQuality "1"]

1. e4 e6 2. d4 d5 3. e5 c5 4. c3 Nc6 5. Nf3 Bd7 6. a3 Nge7 7. b4 cxd4 8. cxd4 Nf5 9. Nc3 Rc8 10. Qd3 Qb6 11. Nd2 Bxb4 12. axb4 Nxb4 13. Qb1 Nc2+ 14. Kd1 Nxa1 15. Qxa1 0-1

[Event "Ostrava Konik op-C"]
[Site "Ostrava"]
[Date "2012.04.30"]
[Round "3"]
[White "Korinek, Jaroslav"]
[Black "Lizner, Milan"]
[Result "1/2-1/2"]
[WhiteElo "1805"]
[BlackElo "2034"]
[PlyCount "27"]
[EventDate "2012.04.28"]
[EventType "swiss"]
[EventRounds "9"]
[EventCountry "CZE"]
[SourceTitle "CBM 148 Extra"]
[Source "ChessBase"]
[SourceDate "2012.06.22"]
[SourceVersion "1"]
[SourceVersionDate "2012.06.22"]
[SourceQuality "1"]

1. e4 c5 2. Nf3 Nc6 3. d4 cxd4 4. Nxd4 e5 5. Nf3 Nf6 6. Nc3 Be7 7. Bd3 d5 8. Qe2 d4 9. Nb5 a6 10. Na3 0-0 11. Bd2 b5 12. 0-0 Qd6 13. Rab1 Nd7 14. b4 1/2-1/2

[Event "CZE-chT2C 1112"]
[Site "Czech Republic"]
[Date "2012.01.22"]
[Round "6.7"]
[White "Splichal, Petr"]
[Black "Lizner, Milan"]
[Result "1-0"]
[WhiteElo "2002"]
[BlackElo "2007"]
[PlyCount "73"]
[EventDate "2011.10.09"]
[EventType "team-tourn"]
[EventRounds "11"]
[EventCountry "CZE"]
[SourceTitle "EXT 2013"]
[Source "ChessBase"]
[SourceDate "2012.11.22"]
[SourceVersion "1"]
[SourceVersionDate "2012.11.22"]
[SourceQuality "1"]
[WhiteTeam "Kutna Hora"]
[BlackTeam "Pankrac II"]
[WhiteTeamCountry "CZE"]
[BlackTeamCountry "CZE"]

1. d4 f5 2. g3 Nf6 3. Bg2 g6 4. c4 Bg7 5. Nc3 d6 6. Nf3 c6 7. 0-0 0-0 8. e3 Na6 9. b3 Bd7 10. Bb2 Qc7 11. Rc1 Rad8 12. d5 e5 13. dxe6 Bxe6 14. Qe2 Kh8 15. Ba3 Qa5 16. Nd4 Bg8 17. Bb2 d5 18. cxd5 Nxd5 19. Nxd5 cxd5 20. a3 Nc7 21. b4 Qb6 22. Rc5 Qd6 23. Rfc1 Rd7 24. Qc2 Na6 25. Rc8 Rff7 26. Nb5 Qb6 27. Bxg7+ Rxg7 28. Qd3 h6 29. Bxd5 Rd8 30. Rxd8 Qxd8 31. Bc4 Qb6 32. Bxg8 Kxg8 33. Rc8+ Kh7 34. Qd5 Qf6 35. Nd4 Nc7 36. Qxb7 Qd6 37. Qb8 1-0

[Event "Tabor op"]
[Site "Tabor"]
[Date "2011.08.01"]
[Round "2"]
[White "Turner, Jan"]
[Black "Lizner, Milan"]
[Result "1-0"]
[WhiteElo "2390"]
[BlackElo "2052"]
[PlyCount "53"]
[EventDate "2011.07.31"]
[EventType "swiss"]
[EventRounds "9"]
[EventCountry "CZE"]
[SourceTitle "CBM 143 Extra"]
[Source "ChessBase"]
[SourceDate "2011.08.29"]
[SourceVersion "1"]
[SourceVersionDate "2011.08.29"]
[SourceQuality "1"]

1. Nf3 f5 2. g3 Nf6 3. Bg2 g6 4. 0-0 Bg7 5. d4 0-0 6. c4 d6 7. Nc3 c6 8. Qc2 Na6 9. b3 Bd7 10. Bb2 Qc7 11. Rad1 e5 12. dxe5 dxe5 13. Ba3 c5 14. Nb5 Qa5 15. Nxe5 Bxb5 16. cxb5 Qxb5 17. Nc4 Rab8 18. Nd6 Qa5 19. Bb2 b5 20. a3 h6 21. e4 fxe4 22. Nxe4 Nxe4 23. Bxg7 Kxg7 24. Qxe4 Qc7 25. Qe6 Qc8 26. Rd7+ Kh8 27. Qe5+ 1-0

[Event "Nachod op 9th"]
[Site "Nachod"]
[Date "2011.07.05"]
[Round "4.25"]
[White "Sobotnik, Petr"]
[Black "Lizner, Milan"]
[Result "1-0"]
[WhiteElo "1858"]
[BlackElo "2052"]
[PlyCount "45"]
[EventDate "2011.07.02"]
[EventType "swiss"]
[EventRounds "9"]
[EventCountry "CZE"]
[SourceTitle "EXT 2012"]
[Source "ChessBase"]
[SourceDate "2011.11.24"]
[SourceVersion "1"]
[SourceVersionDate "2011.11.24"]
[SourceQuality "1"]

1. c4 f5 2. Nc3 g6 3. e4 d6 4. d4 Bg7 5. Be3 e6 6. h4 h5 7. Qd2 Nf6 8. f3 Nc6 9. 0-0-0 e5 10. d5 Ne7 11. Bg5 a6 12. Be2 Bd7 13. Kb1 fxe4 14. fxe4 Qb8 15. Rf1 Rf8 16. Nh3 Neg8 17. Qe3 b5 18. Qg3 Ne7 19. Bxf6 Bxf6 20. Ng5 b4 21. Nd1 Bg7 22. Nh7 Rg8 23. Bxh5 1-0

[Event "CZE-chT2C 1011"]
[Site "Czech Republic"]
[Date "2011.04.10"]
[Round "11.7"]
[White "Lausman, Petr"]
[Black "Lizner, Milan"]
[Result "1-0"]
[WhiteElo "2033"]
[BlackElo "2070"]
[PlyCount "31"]
[EventDate "2010.10.17"]
[EventType "team-tourn"]
[EventRounds "11"]
[EventCountry "CZE"]
[SourceTitle "EXT 2012"]
[Source "ChessBase"]
[SourceDate "2011.11.24"]
[SourceVersion "1"]
[SourceVersionDate "2011.11.24"]
[SourceQuality "1"]
[WhiteTeam "Pardubice Bohemia"]
[BlackTeam "Pankrac II"]
[WhiteTeamCountry "CZE"]
[BlackTeamCountry "CZE"]

1. e4 c5 2. Nf3 Nc6 3. d4 cxd4 4. Nxd4 e5 5. Nxc6 bxc6 6. Nc3 Nf6 7. Bd3 Be7 8. 0-0 0-0 9. f4 Qb6+ 10. Kh1 d6 11. Qe1 exf4 12. Bxf4 Ng4 13. Qg3 Qxb2 14. Bd2 Qa3 15. e5 Nxe5 16. Nd5 1-0

[Event "CZE-chT2C 1011"]
[Site "Czech Republic"]
[Date "2011.02.06"]
[Round "7.7"]
[White "Duczynski, Martin"]
[Black "Lizner, Milan"]
[Result "1/2-1/2"]
[WhiteElo "2127"]
[BlackElo "2070"]
[PlyCount "26"]
[EventDate "2010.10.17"]
[EventType "team-tourn"]
[EventRounds "11"]
[EventCountry "CZE"]
[SourceTitle "EXT 2012"]
[Source "ChessBase"]
[SourceDate "2011.11.24"]
[SourceVersion "1"]
[SourceVersionDate "2011.11.24"]
[SourceQuality "1"]
[WhiteTeam "Jicin II"]
[BlackTeam "Pankrac II"]
[WhiteTeamCountry "CZE"]
[BlackTeamCountry "CZE"]

1. d4 f5 2. d5 d6 3. Nf3 c6 4. c4 Nf6 5. Nc3 g6 6. Bg5 Bg7 7. Qd2 Qb6 8. Be3 Qb4 9. Bd4 0-0 10. e4 e5 11. dxe6 Bxe6 12. b3 Na6 13. Bd3 Rfe8 1/2-1/2

[Event "CZE-chT2C 1011"]
[Site "Czech Republic"]
[Date "2010.12.05"]
[Round "4.6"]
[White "Purnoch, Josef"]
[Black "Lizner, Milan"]
[Result "1-0"]
[WhiteElo "2127"]
[BlackElo "2070"]
[PlyCount "80"]
[EventDate "2010.10.17"]
[EventType "team-tourn"]
[EventRounds "11"]
[EventCountry "CZE"]
[SourceTitle "EXT 2012"]
[Source "ChessBase"]
[SourceDate "2011.11.24"]
[SourceVersion "1"]
[SourceVersionDate "2011.11.24"]
[SourceQuality "1"]
[WhiteTeam "Neratovice"]
[BlackTeam "Pankrac II"]
[WhiteTeamCountry "CZE"]
[BlackTeamCountry "CZE"]

1. d4 f5 2. Bg5 c6 3. e3 Nf6 4. Bxf6 exf6 5. c4 d5 6. Nc3 Bb4 7. Qb3 Bxc3+ 8. bxc3 0-0 9. Bd3 dxc4 10. Bxc4+ Kh8 11. Ne2 Re8 12. h4 Qc7 13. g3 Nd7 14. h5 Nb6 15. Bd3 Be6 16. Qc2 Bd5 17. Rh4 Be4 18. Bxe4 fxe4 19. Rxe4 Qd7 20. Rh4 Qd5 21. Nf4 Qf3 22. Qe2 Qxe2+ 23. Kxe2 Nd5 24. Kd3 Rad8 25. c4 Ne7 26. g4 Kg8 27. Rb1 b6 28. Rh2 Kf7 29. f3 Nc8 30. e4 c5 31. d5 Nd6 32. Re2 Kg8 33. Kc3 Nf7 34. Ne6 Rd6 35. f4 Rd7 36. e5 h6 37. a4 Rc8 38. Rbe1 Rb8 39. Rb2 Re8 40. Rbe2 Rc8 1-0

[Event "Tabor op"]
[Site "Tabor"]
[Date "2010.08.07"]
[Round "8"]
[White "Lizner, Milan"]
[Black "Cap, Adam"]
[Result "0-1"]
[WhiteElo "2086"]
[BlackElo "1693"]
[PlyCount "89"]
[EventDate "2010.08.01"]
[EventType "swiss"]
[EventRounds "9"]
[EventCountry "CZE"]
[SourceTitle "EXT 2012"]
[Source "ChessBase"]
[SourceDate "2011.11.24"]
[SourceVersion "1"]
[SourceVersionDate "2011.11.24"]
[SourceQuality "1"]

1. e4 e5 2. Nf3 Nc6 3. c3 Nf6 4. d4 d6 5. h3 Be7 6. d5 Nb8 7. Bd3 0-0 8. 0-0 Nbd7 9. b4 c5 10. dxc6 bxc6 11. Re1 Qc7 12. Bg5 Re8 13. Nbd2 d5 14. Qb3 Bb7 15. c4 d4 16. c5 a5 17. Bc4 Rf8 18. a3 h6 19. Bh4 Bd8 20. g4 a4 21. Qd1 Nh7 22. Bg3 Ng5 23. Nxg5 Bxg5 24. Nf3 Bf6 25. Nxd4 Nxc5 26. bxc5 Rfd8 27. Ne6 fxe6 28. Bxe6+ Kh8 29. Qc2 Qe7 30. Ba2 Rd4 31. Red1 Rad8 32. Rxd4 Rxd4 33. Rb1 Qd7 34. f4 exf4 35. Bxf4 Bg5 36. Bxg5 hxg5 37. e5 Rd2 38. Qc4 Rd1+ 39. Rxd1 Qxd1+ 40. Kf2 Qd2+ 41. Kf3 Qd1+ 42. Ke4 Qe1+ 43. Kf5 Qf2+ 44. Kxg5 Qd2+ 45. Qf4 0-1

[Event "Tabor op"]
[Site "Tabor"]
[Date "2010.08.06"]
[Round "7"]
[White "Lizner, Milan"]
[Black "Prochazka, Petr"]
[Result "0-1"]
[WhiteElo "2086"]
[BlackElo "1987"]
[PlyCount "48"]
[EventDate "2010.08.01"]
[EventType "swiss"]
[EventRounds "9"]
[EventCountry "CZE"]
[SourceTitle "EXT 2012"]
[Source "ChessBase"]
[SourceDate "2011.11.24"]
[SourceVersion "1"]
[SourceVersionDate "2011.11.24"]
[SourceQuality "1"]

1. e4 d5 2. exd5 Nf6 3. Nc3 Nxd5 4. Nxd5 Qxd5 5. d4 Nc6 6. Nf3 Bg4 7. Be2 0-0-0 8. c3 e5 9. Be3 exd4 10. cxd4 Bb4+ 11. Kf1 Ba5 12. Qa4 Bb6 13. b4 Kb8 14. Re1 Rhe8 15. b5 Ne7 16. Bc4 Qf5 17. Ne5 Nd5 18. Bxd5 Rxe5 19. h3 Qd3+ 20. Kg1 Rexd5 21. hxg4 Rxb5 22. Kh2 Rbd5 23. Rd1 Qe4 24. g3 Qxg4 0-1

[Event "Tabor op"]
[Site "Tabor"]
[Date "2010.08.03"]
[Round "4"]
[White "Haman, Jakub"]
[Black "Lizner, Milan"]
[Result "1/2-1/2"]
[WhiteElo "1968"]
[BlackElo "2086"]
[PlyCount "53"]
[EventDate "2010.08.01"]
[EventType "swiss"]
[EventRounds "9"]
[EventCountry "CZE"]
[SourceTitle "EXT 2012"]
[Source "ChessBase"]
[SourceDate "2011.11.24"]
[SourceVersion "1"]
[SourceVersionDate "2011.11.24"]
[SourceQuality "1"]

1. e4 c5 2. c4 Nc6 3. Nc3 g6 4. Nge2 Bg7 5. g3 d6 6. Bg2 e6 7. 0-0 Nge7 8. d3 0-0 9. f4 f5 10. Rb1 a6 11. Be3 Nd4 12. a3 Rb8 13. b4 b5 14. bxc5 dxc5 15. Kh1 Qa5 16. Bxd4 cxd4 17. Na4 fxe4 18. dxe4 e5 19. Nc5 Qxa3 20. Nd3 Nc6 21. Rb3 Qe7 22. cxb5 axb5 23. Qb1 b4 24. Rc1 Rb6 25. fxe5 Bxe5 26. Nef4 Bxf4 27. Nxf4 1/2-1/2

[Event "Ostrava op"]
[Site "Ostrava"]
[Date "2010.05.07"]
[Round "7"]
[White "Lizner, Milan"]
[Black "Briza, Jiri"]
[Result "1-0"]
[WhiteElo "2090"]
[BlackElo "1905"]
[PlyCount "30"]
[EventDate "2010.05.01"]
[EventType "swiss"]
[EventRounds "9"]
[EventCountry "CZE"]
[SourceTitle "EXT 2011"]
[Source "ChessBase"]
[SourceDate "2010.11.26"]
[SourceVersion "1"]
[SourceVersionDate "2010.11.26"]
[SourceQuality "1"]

1. e4 e6 2. d4 d5 3. e5 c5 4. c3 Nc6 5. Nf3 Qc7 6. Be2 Bd7 7. a3 a5 8. a4 Nge7 9. Na3 Ng6 10. h4 Be7 11. h5 Nf8 12. Ng5 Qb8 13. Be3 cxd4 14. Bxd4 f6 15. exf6 gxf6 1-0

[Event "Ostrava op"]
[Site "Ostrava"]
[Date "2010.05.04"]
[Round "4"]
[White "Krejci, Jan"]
[Black "Lizner, Milan"]
[Result "1-0"]
[WhiteElo "2150"]
[BlackElo "2090"]
[PlyCount "117"]
[EventDate "2010.05.01"]
[EventType "swiss"]
[EventRounds "9"]
[EventCountry "CZE"]
[SourceTitle "EXT 2011"]
[Source "ChessBase"]
[SourceDate "2010.11.26"]
[SourceVersion "1"]
[SourceVersionDate "2010.11.26"]
[SourceQuality "1"]

1. Nf3 f5 2. c4 Nf6 3. d4 d6 4. g3 g6 5. Bg2 Bg7 6. 0-0 0-0 7. Nc3 c6 8. d5 e5 9. dxe6 Bxe6 10. b3 Na6 11. Bb2 Kh8 12. Qd2 Qc7 13. Rac1 Rfe8 14. Rfd1 Rad8 15. e3 Nc5 16. Qc2 Nfe4 17. Nd2 Ng5 18. Qb1 Qe7 19. Ne2 Bxb2 20. Qxb2+ Kg8 21. Nf3 Nce4 22. Nxg5 Nxg5 23. Nf4 Bf7 24. Rd4 Rd7 25. Rcd1 Red8 26. Qc2 Qe5 27. Qd2 Be6 28. h4 Nf7 29. Qc2 Qf6 30. Kh2 Ne5 31. Qd2 Bf7 32. Qe2 h6 33. Kg1 Kg7 34. Nd3 Nxd3 35. R4xd3 Qe5 36. Rd4 Qf6 37. e4 Be6 38. R1d2 fxe4 39. Bxe4 d5 40. cxd5 Bxd5 41. Qd1 Qe5 42. Qb1 Qe6 43. Qa1 Qf6 44. Qd1 Qe5 45. Qb1 Qe6 46. Qb2 Qf6 47. b4 Be6 48. Rxd7+ Rxd7 49. Rxd7+ Bxd7 50. Qd2 Bf5 51. Bg2 Qe5 52. Kh2 Qf6 53. a4 b6 54. Qf4 Qc3 55. h5 c5 56. Qc7+ Kh8 57. Qb8+ Kg7 58. Qxa7+ Kh8 59. hxg6 1-0